Normal view
MARC view
Entry Topical Term
001 - CONTROL NUMBER
- control field: 1561
003 - CONTROL NUMBER IDENTIFIER
- control field: OSt
005 - DATE AND TIME OF LATEST TRANSACTION
- control field: 20230605100508.0
008 - FIXED-LENGTH DATA ELEMENTS
- fixed length control field: 230605|| aca||aabn | a|a d
040 ## - CATALOGING SOURCE
- Original cataloging agency: OSt
- Transcribing agency: OSt
150 ## - HEADING--TOPICAL TERM
- Topical term or geographic name entry element: Nonprofit organizations
- Geographic subdivision: United States
- General subdivision: Finance
- General subdivision: Management
670 ## - SOURCE DATA FOUND
- Source citation: Work cat.: (OSt)0: Fry, Robert P. 1560, Nonprofit investment policies : practical steps for growing charitable funds. /, 1998.
